Journal for Literary & Intermedial Crossings: JLIC

Saved in:
Bibliographic Details
Format: Edited Volume Journal
Language:English
Published: Brussel Vrije Universiteit Brussel, Faculty of Arts and Philosophy 2017-
Volumes / Articles: Show Volumes / Articles.
ISSN:2506-8709
Subjects:
Online Access:Verlag, kostenfrei: https://clic.research.vub.be/node/24
Frontdoor-Url: https://ezb.ur.de/?3236992-X
Get full text

MARC

LEADER 00000nas a2200000 c 4500
001 1963802713
003 DE-627
005 20260309093307.0
007 cr |||||||||||
008 260309c20179999be z| p|o 0 |0eng c
016 7 |a 139244487X  |2 DE-101 
016 7 |a 3236992-X  |2 DE-600 
022 |a 2506-8709 
035 |a (DE-627)1963802713 
035 |a (DE-599)ZDB3236992-X 
040 |a DE-627  |b ger  |c DE-627  |e rda 
041 |a eng 
044 |c XA-BE 
245 0 0 |a Journal for Literary & Intermedial Crossings  |b JLIC 
246 3 3 |a Journal for Literary and Intermedial Crossings 
246 3 3 |a JLIC 
264 3 1 |a Brussel  |b Vrije Universiteit Brussel, Faculty of Arts and Philosophy  |c 2017- 
300 |a Online-Ressource 
336 |a Text  |b txt  |2 rdacontent 
337 |a Computermedien  |b c  |2 rdamedia 
338 |a Online-Ressource  |b cr  |2 rdacarrier 
362 0 |a Issue 1 (2017)- 
363 0 1 |a 1  |i 2017 
500 |a Gesehen am 09.03.2026 
655 7 |a Zeitschrift  |0 (DE-588)4067488-5  |0 (DE-627)10454466X  |0 (DE-576)20917000X  |2 gnd-content 
856 4 0 |u https://clic.research.vub.be/node/24  |x Verlag  |z kostenfrei  |7 0 
856 4 0 |u https://ezb.ur.de/?3236992-X  |x Frontdoor-Url  |7 1 
951 |a JT 
SPR |a Y 
JSO |a {"type":{"bibl":"periodical","media":"Online-Ressource"},"physDesc":[{"extent":"Online-Ressource"}],"note":["Gesehen am 09.03.2026"],"title":[{"subtitle":"JLIC","title":"Journal for Literary & Intermedial Crossings","title_sort":"Journal for Literary & Intermedial Crossings"}],"origin":[{"publisher":"Vrije Universiteit Brussel, Faculty of Arts and Philosophy","dateIssuedDisp":"2017-","dateIssuedKey":"2017","publisherPlace":"Brussel"}],"id":{"issn":["2506-8709"],"eki":["1963802713"],"zdb":["3236992-X"]},"pubHistory":["Issue 1 (2017)-"],"language":["eng"],"recId":"1963802713","titleAlt":[{"title":"Journal for Literary and Intermedial Crossings"},{"title":"JLIC"}]} 
SRT |a JOURNALFOR2017